000
00339nam a2200145 a 4500
008
990716s1966||||xx 0 und c
040
_a
SNK
_b
slo
_c
SNK
_e
AACR2
100
1
_a
Feuchtwanger, Lion
245
1
0
_a
Zasľúbená zem
260
_a
Bratislava
_b
Tatran
_c
1966
300
_a
321 s.
020
_c
24
044
_a
xo
_c
SK
041
_a
slo
999
_c
10622
_d
10622